[Event "AUTO-ADV-2076"]
[Site "http://www.queenalice.com/game.php?id=902475"]
[Date "2011.2.18"]
[Round "1"]
[White "Elficolorean"]
[Black "LBN"]
[Result "1-0"]
[WhiteElo "1764"]
[BlackElo "1711"]

1. d4 d5 2. c4 dxc4 3. e3 e6 4. Bxc4 Qd6 5. Bd2 Qc6 6. Qe2 Qxg2 7. Qf3 Qg6 8.
Nh3 Qc2 9. Bb3 Qxb2 10. Bc3 Bb4 11. Bxb4 Qxa1 12. Kd2 Qb2+ 13. Kd3 b6 14. Bc3
Ba6+ 15. Ke4 Bb7+ 16. Kf4 Bxf3 17. Kxf3 Qxc3 18. Nxc3 Ne7 19. Nb5 Na6 20. Bc4
O-O 21. a3 c6 22. Nd6 b5 23. Bb3 c5 24. Nxb5 cxd4 25. Nxd4 Rab8 26. Bc4 Nc7 27.
Rc1 Ng6 28. Ke4 Rb2 29. Rc2 Rb1 30. Ba2 Rh1 31. Rxc7 Re8 32. Nf3 f5+ 33. Kd3
Rd8+ 34. Ke2 Ra1 35. Bxe6+ Kh8 36. Nhg5 Rf8 37. Nf7+ Kg8 38. Nh6+ Kh8 39. Nxf5
Rxa3 40. Nxg7 Rb8 41. Nf5 a5 42. Ng5 Ne5 43. Rxh7# 1-0

[Event "VOU GANHAR"]
[Site "http://www.queenalice.com/game.php?id=919814"]
[Date "2011.3.31"]
[Round "-"]
[White "fjalves"]
[Black "LBN"]
[Result "1-0"]
[WhiteElo "1631"]
[BlackElo "1669"]

1. e4 e5 2. Bc4 Nf6 3. d3 Bc5 4. Nh3 Nc6 5. c3 d6 6. Ng5 O-O 7. Qf3 h6 8. Nxf7
Rxf7 9. Qg3 Nd7 10. Bxh6 Bxf2+ 11. Qxf2 Nf6 12. Bxf7+ Kxf7 13. Bg5 b6 14. O-O
Ba6 15. Bxf6 gxf6 16. Qf5 Qh8 17. Qd7+ Ne7 18. Nd2 Bxd3 19. Rf3 Qh6 20. Rxd3 Rc8
21. Rf1 Rh8 22. h3 Rg8 23. Qb5 Ke6 24. Qc4+ Kd7 25. Qb5+ Nc6 26. Nc4 Qg6 27. Rf2
Qxe4 28. Rd1 Rg5 29. Nd2 Qg6 30. Nf3 Rg3 31. Kh2 e4 32. Nh4 Qf7 33. Qf5+ Kd8 34.
Kxg3 Na5 35. Qxe4 Nc4 36. Qa8+ Kd7 37. Qxa7 1-0

[Event "Challenge"]
[Site "http://www.queenalice.com/game.php?id=929102"]
[Date "2011.4.22"]
[Round "-"]
[White "LBN"]
[Black "plot24"]
[Result "1-0"]
[WhiteElo "1651"]
[BlackElo "1843"]

1. e4 e5 2. Bc4 Nc6 3. Qf3 Nf6 4. c3 Na5 5. Bb3 Nxb3 6. axb3 b6 7. d3 Bb7 8. Nd2
g6 9. Ne2 Bg7 10. c4 c6 11. g3 O-O 12. Qg2 d5 13. O-O Qc7 14. Nf3 dxe4 15. dxe4
Nxe4 16. Nh4 c5 17. Qh3 f5 18. f3 Ng5 19. Bxg5 e4 20. fxe4 fxe4 21. Nf4 Bd4+ 22.
Kh1 e3+ 23. Nhg2 Rae8 24. Ne2 Bf3 25. Nxd4 cxd4 26. Bf4 Qc6 27. Rxa7 Bxg2+ 28.
Qxg2 Qxg2+ 29. Kxg2 d3 30. Rd7 e2 31. Re1 Rd8 32. Rxd8 Rxd8 33. Bd2 Rc8 34. Kf2
b5 35. Ke3 bxc4 36. bxc4 1-0

[Event "AUTO-INT-1924"]
[Site "http://www.queenalice.com/game.php?id=978409"]
[Date "2011.8.29"]
[Round "2"]
[White "FreitasPC"]
[Black "LBN"]
[Result "1-0"]
[WhiteElo "1931"]
[BlackElo "1668"]

1. d4 e6 2. c4 c6 3. Nc3 Bb4 4. Qb3 Ba5 5. Nf3 Nf6 6. e3 O-O 7. Bd2 h6 8. Bd3
Bxc3 9. Bxc3 d5 10. O-O Nbd7 11. Rfe1 Qc7 12. Rac1 Ng4 13. h3 Ngf6 14. cxd5 Nxd5
15. e4 Nf4 16. Bd2 Nh5 17. Bb4 Re8 18. Bc4 b5 19. Bxb5 Bb7 20. Bc4 Nhf6 21. e5
Ne4 22. Bd3 Ng5 23. Nxg5 hxg5 24. Bd6 Qc8 25. Rc3 Nb6 26. Be4 Qd7 27. Qb4 c5 28.
dxc5 Bxe4 29. Qxe4 Qb5 30. cxb6 axb6 31. Qb4 Qxb4 32. Bxb4 1-0

[Event "AUTO-INT-1924"]
[Site "http://www.queenalice.com/game.php?id=978410"]
[Date "2011.8.29"]
[Round "2"]
[White "LBN"]
[Black "FreitasPC"]
[Result "0-1"]
[WhiteElo "1675"]
[BlackElo "1893"]

1. e4 c5 2. Bc4 e6 3. a3 Nc6 4. c3 g6 5. Ne2 Bg7 6. Bb5 Nge7 7. Ng3 O-O 8. d3 d6
9. Nh5 gxh5 10. Qxh5 Ng6 11. Nd2 Nf4 12. Qg4 e5 13. Qg3 Kh8 14. Nf3 Bh6 15. Bd2
a6 16. Bxc6 bxc6 17. Ng1 Rg8 18. Qf3 Nxg2+ 19. Kd1 Bxd2 20. Kxd2 Qg5+ 21. Kc2
Qf4 22. Qe2 Be6 23. Nh3 Bxh3 0-1

[Event "AUTO-INT-1924"]
[Site "http://www.queenalice.com/game.php?id=978411"]
[Date "2011.8.29"]
[Round "2"]
[White "Shydo"]
[Black "LBN"]
[Result "1-0"]
[WhiteElo "1811"]
[BlackElo "1663"]

1. e4 e5 2. Nf3 d6 3. h3 Nc6 4. Bb5 Bd7 5. d4 Nf6 6. Bxc6 Bxc6 7. d5 Bb5 8. b3
Nxe4 9. c4 Bd7 10. Qd3 Nc5 11. Qc3 Qf6 12. O-O Qg6 13. Nh4 Qf6 14. Qg3 e4 15. b4
Qxa1 16. Nd2 Nd3 17. Ba3 Qc3 18. Nb3 Qxc4 19. Qg5 Bb5 20. Na5 Qxa2 21. Bc1 Nxb4
22. Nxb7 Bxf1 23. Nf5 Nd3 24. Be3 Qxd5 25. Nxg7+ Bxg7 26. Qxd5 O-O 27. Qxe4 1-0

[Event "AUTO-INT-1924"]
[Site "http://www.queenalice.com/game.php?id=978412"]
[Date "2011.8.29"]
[Round "2"]
[White "LBN"]
[Black "Shydo"]
[Result "0-1"]
[WhiteElo "1653"]
[BlackElo "1821"]

1. c4 e5 2. e4 Nf6 3. d3 h6 4. Qb3 Bc5 5. h3 Bd4 6. Nf3 c5 7. Qb5 O-O 8. Nxd4
cxd4 9. Qxe5 Nc6 10. Qg3 Nh5 11. Qg4 Nf6 12. Qg3 Nb4 13. Na3 Qa5 14. Ke2 Qh5+
15. f3 b6 16. Qd6 Nc6 17. Nb5 Bb7 18. g4 Qe5 19. Qxe5 Nxe5 20. Nxd4 Nh7 21. b4
Ng6 22. h4 Nf4+ 23. Bxf4 Rfe8 24. Nb5 Re7 25. Rg1 a6 26. Nd4 Rc8 0-1

[Event "Challenge"]
[Site "http://www.queenalice.com/game.php?id=1024614"]
[Date "2012.2.2"]
[Round "-"]
[White "fjalves"]
[Black "LBN"]
[Result "1/2-1/2"]
[WhiteElo "1505"]
[BlackElo "1644"]

1. e4 e6 2. d4 g6 3. Nh3 Qe7 4. Nc3 a5 5. Nb5 d6 6. Bg5 f6 7. Bf4 e5 8. dxe5
dxe5 9. Bd2 Bxh3 10. gxh3 c6 11. Na3 Qc5 12. Qf3 Qd4 13. O-O-O Bxa3 14. Qxa3 Qd7
15. Bxa5 Qe6 16. Rd8+ Kf7 1/2-1/2

[Event "Desafio"]
[Site "http://www.queenalice.com/game.php?id=1041099"]
[Date "2012.3.21"]
[Round "-"]
[White "fjalves"]
[Black "LBN"]
[Result "0-1"]
[WhiteElo "1497"]
[BlackElo "1638"]

1. e4 e5 2. Bc4 Qg5 3. Qf3 f6 4. Nh3 Qg6 5. O-O d6 6. d3 Nc6 7. c3 Bg4 8. Qe3
Nce7 9. Na3 a6 10. d4 exd4 11. cxd4 Bxh3 12. Qxh3 Qxe4 13. d5 f5 14. Bg5 O-O-O
15. Rad1 h6 16. Bxe7 Nxe7 17. Rfe1 Qg4 18. Qe3 Kb8 19. Qb3 Nc8 20. Bxa6 Nb6 21.
Be2 Qg5 22. Nc4 Nxc4 23. Bxc4 Kc8 24. Qa3 Kb8 25. Rd4 c5 26. Rd3 f4 27. Rb3 Rd7
28. Qa4 Qd8 29. Ra3 g5 30. Bb5 Rhh7 31. Bxd7 Rxd7 0-1

[Event "Challenge"]
[Site "http://www.queenalice.com/game.php?id=1085147"]
[Date "2012.7.21"]
[Round "-"]
[White "fjalves"]
[Black "LBN"]
[Result "1-0"]
[WhiteElo "1478"]
[BlackElo "1648"]

1. e4 e5 2. Nf3 d6 3. Bb5+ c6 4. Bc4 Nf6 5. Nc3 b5 6. Bb3 b4 7. Na4 Nxe4 8. d3
Nf6 9. Ng5 d5 10. O-O Be7 11. h3 Ba6 12. c3 e4 13. cxb4 exd3 14. Re1 O-O 15. Re3
Bxb4 16. a3 Ba5 17. Rf3 h6 18. Nc5 hxg5 19. Nxa6 Nxa6 20. Qxd3 Nc5 21. Qc2 Qd6
22. Ba2 Ne6 23. Be3 g4 24. hxg4 Nxg4 25. Rh3 g6 26. b4 Bb6 27. Qc3 d4 28. Qd2
Nxe3 29. fxe3 g5 30. Qd3 Rfe8 31. Bxe6 Qxe6 32. Qh7+ Kf8 33. Rh6 Qxe3+ 34. Kh1
Bc7 35. Rf1 Bf4 36. Qh8+ Ke7 37. Qf6+ Kf8 38. Rh8# 1-0

[Event "Challenge"]
[Site "http://www.queenalice.com/game.php?id=1130828"]
[Date "2012.12.13"]
[Round "-"]
[White "fjalves"]
[Black "LBN"]
[Result "1-0"]
[WhiteElo "1501"]
[BlackElo "1625"]

1. e4 e6 2. Nf3 a6 3. Bc4 Bc5 4. Nc3 Nf6 5. d4 Bb4 6. Bd3 d6 7. Bd2 O-O 8. a3
Bxc3 9. Bxc3 g6 10. e5 Nd5 11. Bd2 dxe5 12. Nxe5 b5 13. Bh6 Re8 14. Ng4 f5 15.
Ne5 Qh4 16. c4 bxc4 17. Bxc4 Qe4+ 18. Be2 Qxg2 19. Bf3 Qh3 20. Bg5 Nd7 21. Nc6
h6 22. Bd2 a5 23. Nxa5 Ba6 24. Be2 e5 25. Qb3 Nf6 26. Qxh3 h5 27. Rg1 Kg7 28.
Qg2 Kh8 29. Qxg6 Rg8 30. Qh6+ Nh7 31. Rxg8+ Rxg8 32. Qxa6 exd4 33. Nc6 Rg2 34.
Qc8+ Rg8 35. Qxf5 Nb6 36. Qxh5 Na4 37. Qe5+ Rg7 38. Qe8+ Rg8 39. Qf7 Rg1+ 40.
Bf1 1-0

[Event "fjalves"]
[Site "http://www.queenalice.com/game.php?id=1178645"]
[Date "2013.5.5"]
[Round "-"]
[White "LBN"]
[Black "Lordofchess"]
[Result "1-0"]
[WhiteElo "1604"]
[BlackElo "1257"]

1. e4 e5 2. c3 a6 3. a3 Nh6 4. Nf3 Bc5 5. Nxe5 Qf6 6. Nf3 d6 7. Bc4 Ng4 8. d4
Bb6 9. h3 Qh6 10. Bxh6 Nxh6 11. O-O c6 12. Re1 Be6 13. Bd3 Nd7 14. d5 O-O-O 15.
dxe6 fxe6 16. Qb3 Rhe8 17. Bc4 e5 18. Ng5 Re7 19. Be6 Rf8 20. Bxd7+ Kxd7 21.
Qxb6 Nf7 22. Qxb7+ Ke8 23. Qc8+ Nd8 24. Rd1 Rd7 25. Nf3 Ke7 26. Nxe5 Rb7 27.
Nxc6+ Kf7 28. Nxd8+ Rxd8 29. Qxd8 Re7 30. Rxd6 1-0

[Event "Challenge"]
[Site "http://www.queenalice.com/game.php?id=1178662"]
[Date "2013.5.5"]
[Round "-"]
[White "fjalves"]
[Black "LBN"]
[Result "0-1"]
[WhiteElo "1549"]
[BlackElo "1606"]

1. e4 d5 2. Bd3 dxe4 3. Bxe4 f5 4. Bf3 g6 5. Ne2 Be6 6. Nbc3 c6 7. Nf4 Bf7 8.
O-O Qd6 9. d3 Bh6 10. Nh3 Nd7 11. Qe1 Be6 12. Ng5 Bxg5 13. Bxg5 Ne5 14. Qe3 h5
15. Bf4 Nxf3+ 16. Qxf3 Qb4 17. Be5 Rh7 18. Qg3 Bf7 19. b3 Qc5 20. Rae1 Qb4 21.
Qg5 e6 22. Nd1 h4 23. Nb2 Rh5 24. Qe3 g5 25. Nc4 Ne7 26. Nd6+ Kf8 27. Nxf7 Nd5
28. Bg7+ Kxf7 29. Qxe6+ Kxg7 30. Qxf5 Nf6 31. Re6 Rf8 32. Rfe1 g4 33. Re7+ Rf7
34. Qc8 Rxe7 35. Rxe7+ Qxe7 36. Kf1 Re5 37. g3 Re1+ 38. Kg2 h3# 0-1

[Event "Challenge"]
[Site "http://www.queenalice.com/game.php?id=1216827"]
[Date "2013.9.13"]
[Round "-"]
[White "fjalves"]
[Black "LBN"]
[Result "0-1"]
[WhiteElo "1527"]
[BlackElo "1620"]

1. e4 e5 2. Bc4 Nf6 3. d3 a6 4. Bg5 h6 5. Bxf6 Qxf6 6. Nc3 Bc5 7. Nf3 d6 8. Nd5
Qd8 9. Nd2 O-O 10. b4 Ba7 11. c3 c6 12. Ne3 Qf6 13. Nf3 b5 14. Bb3 Qf4 15. Nf5
Bxf5 16. exf5 e4 17. Nd2 Qxf2# 0-1

[Event "Challenge"]
[Site "http://www.queenalice.com/game.php?id=1239217"]
[Date "2013.12.11"]
[Round "-"]
[White "fjalves"]
[Black "LBN"]
[Result "1-0"]
[WhiteElo "1511"]
[BlackElo "1589"]

1. e4 e5 2. Nf3 d6 3. Bc4 Qd7 4. Nc3 g6 5. Ng5 Nh6 6. d3 Bg7 7. Nd5 b5 8. Bxb5
c6 9. Ba4 O-O 10. O-O a6 11. Nb6 Qa7 12. Nxa8 Qxa8 13. h3 f6 14. Bb3+ Kh8 15.
Nf3 a5 16. d4 a4 17. dxe5 axb3 18. exf6 Rxf6 19. e5 bxc2 20. Qxc2 dxe5 21. Nxe5
Bf5 22. Qc5 Bf8 23. Qc4 Bc8 24. Bxh6 Bxh6 25. Nf7+ Kg7 26. Nxh6 Kxh6 27. Qg8 Nd7
28. Rfd1 Rf8 29. Qe6 Qa7 30. Rd2 Qc7 31. Qe7 Rd8 32. Qe3+ Kg7 33. Qc3+ Kg8 34.
Re1 Rf8 35. Qc4+ Rf7 36. Re8+ Nf8 37. Rdd8 Kg7 38. Rxc8 Qb6 39. Qc3+ Kh6 40.
Qd2+ Kg7 41. g4 c5 42. g5 Qb7 43. Qc3+ Kg8 44. Qc4 Kg7 45. Qc3+ Kg8 46. a4 Qd5
47. Red8 Qxg5+ 48. Kf1 Qh4 49. Qe3 Kg7 50. Qe5+ Kg8 51. Qe3 Kg7 52. a5 Qh5 53.
Rxc5 Qh4 54. Rdc8 Rd7 55. Qf3 Ne6 56. Re5 Rf7 57. Re4 Nf4 58. Qc3+ Kh6 59. Rg8
Qh5 60. Rxf4 Re7 61. Rf3 Qd5 62. Kg2 Re5 63. Rf8 Rg5+ 64. Kh2 Qd1 65. Rg3 Rd5
66. Qe3+ Kg7 67. Qe7+ Kh6 68. Rg8 Qf1 69. Qg7+ Kh5 70. Qxh7# 1-0

[Event "OS INCLIVEIS"]
[Site "http://www.queenalice.com/game.php?id=1281205"]
[Date "2014.5.12"]
[Round "-"]
[White "adelio"]
[Black "LBN"]
[Result "1-0"]
[WhiteElo "1758"]
[BlackElo "1632"]

1. b4 d6 2. e4 e5 3. b5 Bd7 4. c4 Nf6 5. Nc3 g6 6. d3 a6 7. Bg5 Bg7 8. Nf3 O-O
9. Nd5 axb5 10. Be2 c6 11. Nxf6+ Bxf6 12. h4 h5 13. Bh6 Re8 14. Ng5 Bg7 15. Nxf7
Kxf7 16. Bxg7 Kxg7 17. g4 hxg4 18. h5 Rh8 19. Bxg4 Qa5+ 20. Kf1 Be8 21. Qf3 Qd2
22. Kg2 Rf8 23. h6+ Qxh6 24. Qxf8+ Kxf8 25. Rxh6 Kg7 26. Rah1 Kf6 27. Bf5 bxc4
28. Rg1 Kg7 29. Rhh1 gxf5 30. Kf3+ Kf6 31. Rh6+ Ke7 32. Rg7+ Kd8 33. Rxd6+ Nd7
34. dxc4 Rxa2 35. exf5 Kc7 36. Re6 Kd8 37. Rg8 e4+ 38. Kg2 Re2 39. Rexe8+ Kc7
40. Rg7 Kd6 41. c5+ Nxc5 42. f6 Nd3 43. f7 Rxf2+ 44. Kg1 1-0

[Event "Challenge"]
[Site "http://www.queenalice.com/game.php?id=1326586"]
[Date "2014.12.7"]
[Round "-"]
[White "fjalves"]
[Black "LBN"]
[Result "1-0"]
[WhiteElo "1580"]
[BlackElo "1570"]

1. e4 e5 2. Nf3 a6 3. Nxe5 Qe7 4. d4 d6 5. Ng4 Qxe4+ 6. Ne3 Nc6 7. Bd3 Qxd4 8.
Qh5 g6 9. Qe2 Ne5 10. O-O h5 11. Nc3 Be6 12. Be4 c6 13. Rd1 Qc5 14. Na4 Qb4 15.
b3 Qxe4 16. Nb6 Ra7 17. Bb2 h4 18. Rd4 1-0